| 000 | 00374 a2200133 4500 | ||
|---|---|---|---|
| 005 | 20250616131820.0 | ||
| 020 | _a978-0-07-312821-4 | ||
| 082 | _a796.06'98 FUL | ||
| 100 | _aFULLERTON,S. | ||
| 245 | _aSports Marketing | ||
| 260 |
_aNewYork, _bMcGraw-Hill/Irwin, _c2007. |
||
| 300 |
_axiii,480p.:ill.;figures, tables _bAppendix,Bibliography and Index _c26.5cm |
||
| 942 |
_2ddc _cBKS |
||
| 999 |
_c4142 _d4142 |
||